Statistiken für Die beliebtesten weiblichen Anime Charaktere im dt. Raum

Klicken Sie hier um das Quiz zu spielen!

Allgemein

  • Dieses Quiz wurde 424 mal gespielt
  • Das Durchschnittsergebnis liegt bei 5 aus 40

Antwortstatistiken

RangCharakterAnime% Korrekt
31Hinata HyuugaNaruto
65%
14Mikasa AckermanAttack on Titan
52%
15AsunaSword Art Online
42%
2LucyElfen Lied
33%
29Lucy HeartfiliaFairy Tail
33%
20Rias GremoryHighschool DxD
30%
10Erza ScarletFairy Tail
26%
19RemRe:Zero
25%
39Nico RobinOne Peace
19%
27AkameAkame ga Kill
15%
32Mei MisakiAnother
12%
7Yuno GasaiMirai Nikki
12%
3Taiga AisakaToraDora!
11%
5C.C.Code Geass
10%
26Asuka Langley SouryuuNeon Genesis Evangelion
8%
34Artoria Pendragon (Saber)Fate/Zero
7%
30Rei AyanamiNeon Genesis Evangelion
7%
12Kurisu MakiseSteins;Gate
5%
33Kurumi TokisakiDate a Live
5%
13Mikoto MisakaToaru Kagaku no Railgun
5%
17Misaki AyuzawaKaichou wa Maid-Sama
5%
28Shinobu OshinoBakemonogatari
5%
21ShiroNo Game No Life
5%
18Mio AkiyamaK-ON!
4%
23Yoko LittnerGurren Lagann
4%
1HoroSpice and Wolf
3%
11Kanade TachibanaAngleBeats!
3%
25Nagisa FurukawaCLANNAD
3%
38Yui HirasawaK-ON!
3%
6Haruhi SuzumiyaDie Melancholie der Haruhu Suzumiya
2%
8Hitagi SenjougaharaBakemonogatari
2%
36Inori YuzurihaGuilty Crown
2%
22Kallen KouzukiCode Geass
2%
4RevyBlack Lagoon
2%
9Konata IzumiLucky Star
1%
37Rikka TakanashiChuunibyou
1%
24Saeko BusujimaHighschool of the Dead
1%
16ShanaShakugan no Shana
1%
35Tomoyo SakagamiCLANNAD
1%
40MaguminKonoSuba
0%

Verteilung der Resultate

Perzentil nach korrekt beantworteten Fragen

Anzahl Personen mit jedem Resultat

Ihre Resultats-Entwicklung

Sie haben dieses Quiz noch nicht gespielt